000 01143nam a22002657a 4500
003 DO-SdBNP
005 20220126094915.0
007 ta
008 220125b1986 ||||g |||| 00| 0 spa d
040 _aDO-SdBNP
_bspa
_cBNPHU
082 4 _222
_a027.77293
_b021.7 F356n
111 1 0 _aXIV Feria Nacional del Libro
_n(14ª :
_d1986 : 23 al 30 abril :
_cPlaza de la Cultura Juan Pablo Duarte, Santo Domingo , República Dominicana)
_981005
245 1 0 _aXIV Feria Nacional del Libro :
_bprograma . Prócer Máximo Gómez /
246 _aDécimocuarta Feria Nacional del Libro
260 4 _aSanto Domingo :
_bComisión organizadora permanente de la Feria del Libro,
_c1986.
300 _a70 p. :
_c20 cm.
500 _aDedicada . En homenaje a la memoria del Prócer Máximo Gómez.
500 _aIncluye datos biográfico de Máximo Gómez en la contraportada del libro.
500 _aPrograma de actividades.
590 _aInventariado, 2022 / SA
650 4 0 _953137
_aFeria del Libro
_y1986
_zRepública Dominicana
650 4 0 _956214
_aFeria del Libro
_xPrograma
_y1986
_zRepública Dominicana
910 _aSaquino
942 _2ddc
_cLBS1
999 _c51217
_d51217